Fundamentals of LTE / (Record no. 158263)

MARC details
000 -LEADER
fixed length control field 00762nam a22002417a 4500
005 - DATE AND TIME OF LATEST TRANSACTION
control field 20181024113727.0
010 ## - LCCN (DPL NO)
LC control number ENG-124346
020 ## - INTERNATIONAL STANDARD BOOK NUMBER
International Standard Book Number 9789353062392
Terms of availability 649.00
035 ## - SYSTEM CONTROL NUMBER
System control number EN-107878
037 ## - SOURCE OF ACQUISITION
Source of stock number/acquisition DBAD/PUB
082 ## - DEWEY DECIMAL CLASSIFICATION NUMBER
Classification number 621.38456
100 ## - MAIN ENTRY--PERSONAL NAME
Personal name Ghosh, Arunabha
245 ## - TITLE STATEMENT
Title Fundamentals of LTE /
Statement of responsibility, etc by Arunabha Ghosh; Jun Zhang; Jeffrrey G. Andrews [and] Rias Muhamed
250 ## - EDITION STATEMENT
Edition statement 13th ed.
260 ## - PUBLICATION, DISTRIBUTION, ETC. (IMPRINT)
Place of publication, distribution, etc Noida
Name of publisher, distributor, etc Pearson
Date of publication, distribution, etc 2018
270 ## - ADDRESS
Address 15th Floor, Tower B, Worls Trade Tower, Plot No.1, Block -C
City Noida (UP)
Postal code 201301
300 ## - PHYSICAL DESCRIPTION
Extent xxxi,417p.
Dimensions 25cm.(pbk)
Other physical details ill.
500 ## - GENERAL NOTE
General note It includes index
700 ## - ADDED ENTRY--PERSONAL NAME
Personal name Zhang, Jun
700 ## - ADDED ENTRY--PERSONAL NAME
Personal name Andrews, Jeffrrey G.
700 ## - ADDED ENTRY--PERSONAL NAME
Personal name Rias Muhamed
942 ## - ADDED ENTRY ELEMENTS (KOHA)
Source of classification or shelving scheme Dewey Decimal Classification
Item type English Books
Classification part 621.38456
Call number suffix GHO
Holdings
Withdrawn status Lost status Not for loan Collection code Home library Current library Date acquired Source of acquisition Cost, normal purchase price Full call number Barcode Copy number Cost, replacement price Koha item type
    Not For Loan Non-fiction D.B.Act.Division Bawana 24/10/2018 DBAD/PUB. 649.00 621.38456 GHO EN-107878 1 649.00 English Books

© Delhi Public Library
Hit Counter
free hit counter